Esperando la carroza /
Guardado en:
| Autor Principal: | |
|---|---|
| Formato: | Libro |
| Publicado: |
Buenos Aires :
Estrada,
2011
|
| Edición: | 2a. ed. |
| Series: | Azulejos; 38
|
| Materias: | |
| Etiquetas: |
Agregar Etiqueta
Sin Etiquetas, Sea el primero en etiquetar este registro!
|
| LEADER | 00934nam a22002295a 4500 | ||
|---|---|---|---|
| 001 | CEM.cems013719 | ||
| 005 | 20120801155414.0 | ||
| 008 | 130507s2011##################000#0#####d | ||
| 003 | CEMS | ||
| 020 | |a 9789500113953 | ||
| 082 | 0 | 4 | |a U862.4 |
| 100 | 1 | |a Langsner, Jacobo | |
| 245 | 1 | 0 | |a Esperando la carroza / |c Jacobo Langsner |
| 250 | |a 2a. ed. | ||
| 260 | |a Buenos Aires : |b Estrada, |c 2011 | ||
| 300 | |a 136 p. | ||
| 490 | 0 | |a Azulejos; 38 | |
| 505 | 0 | |a Esta obra de Jacobo Langsner, increiblemente divertida, nos permite reflexionar sobre los problemas que se plantean entre los seres humanos cuando se dejan dominar por la hipocrecía y el egoísmo. Una emblemática caricatura a la clase media y los modos de vivir en la sociedad contemporánea | |
| 653 | |a Teatro | ||
| 653 | |a Teatro uruguayo | ||
| 859 | |a CEMS |b BIB. CEMS - 11 de abril |h U862.4 |i L268 |p 26461.12 |t Ej.1 | ||
| 859 | |a CEMS |b BIB. CEMS - 11 de abril |h U862.4 |i L268 |p 26886.14 |t Ej.2 | ||
